| 000 | 00682cam a22002293a 4500 | ||
|---|---|---|---|
| 001 | 37672 | ||
| 003 | PGUSA | ||
| 005 | 20140828083827.0 | ||
| 008 | 111009s2011||||xxu|||||s|||||000 | eng d | ||
| 040 |
_aPGUSA _beng |
||
| 042 | _adc | ||
| 100 | 1 |
_aKing, Charles, _d1844-1933 |
|
| 245 | 1 | 0 |
_aFrom School to Battle-field : _bA Story of the War Days _h[electronic resource] / _cCharles King |
| 260 |
_bProject Gutenberg, _c2011 |
||
| 506 | _aPublic domain in the USA. | ||
| 516 | _aElectronic text | ||
| 700 | 1 |
_aOakley, Violet, _d1874-1961 |
|
| 700 | 1 | _aStephens, Charles H. | |
| 830 | 0 |
_aProject Gutenberg _v37672 |
|
| 856 | 4 | 0 | _uhttp://www.gutenberg.org/ebooks/37672 |
| 942 | _cEB | ||
| 999 |
_c266926 _d266926 |
||